Catálogo

Hombre y Dios al encuentro : (Registro nro. 25725)

Detalles MARC
000 -LEADER
fixed length control field 01057cam a2200313 i 4500
001 - CONTROL NUMBER
control field 25725
003 - CONTROL NUMBER IDENTIFIER
control field Mx-PuUPA
005 - DATE AND TIME OF LATEST TRANSACTION
control field 20250707153400.0
008 - FIXED-LENGTH DATA ELEMENTS--GENERAL INFORMATION
fixed length control field 140415s1974 sp gr 000 0 spa d
017 ## - COPYRIGHT OR LEGAL DEPOSIT NUMBER
Copyright or legal deposit number B. 26.200-1974
020 ## - INTERNATIONAL STANDARD BOOK NUMBER
International Standard Book Number 8425409X
Qualifying information empastado
040 ## - CATALOGING SOURCE
Original cataloging agency Mx-PuUPA
Language of cataloging spa
Transcribing agency Mx-PuUPA
Modifying agency Mx-PuUPA
Description conventions rda
041 0# - LANGUAGE CODE
Language code of text/sound track or separate title spa
100 1# - MAIN ENTRY--PERSONAL NAME
Personal name Colomer, Eusebi,
Dates associated with a name 1923 or 1924-1997
Relator term autor
9 (RLIN) 17202
245 10 - TITLE STATEMENT
Title Hombre y Dios al encuentro :
Remainder of title antropología y teología en Teilhard de Chardin /
Statement of responsibility, etc. Eusebi Colomer
264 #1 - PRODUCTION, PUBLICATION, DISTRIBUTION, MANUFACTURE, AND COPYRIGHT NOTICE
Place of production, publication, distribution, manufacture Barcelona, España :
Name of producer, publisher, distributor, manufacturer Editorial Herder,
Date of production, publication, distribution, manufacture, or copyright notice 1974
300 ## - PHYSICAL DESCRIPTION
Extent 477 páginas ;
Dimensions 22 cm
336 ## - CONTENT TYPE
Fuente rdacontent
Content type term texto
Content type code txt
337 ## - MEDIA TYPE
Source rdamedia
Media type term sin medio
Media type code n
338 ## - CARRIER TYPE
Source rdacarrier
Carrier type term volumen
Carrier type code nc
490 0# - SERIES STATEMENT
Series statement Biblioteca Herder
490 0# - SERIES STATEMENT
Series statement Sección de teología y filosofía ;
Volume/sequential designation 143
600 ## - SUBJECT ADDED ENTRY--PERSONAL NAME
Personal name Teilhard de Chardin, Pierre 1881-1955
General subdivision Critica e interpretación
650 #7 - SUBJECT ADDED ENTRY--TOPICAL TERM
Source of heading or term armarc
Topical term or geographic name entry element Seres humanos
942 ## - ADDED ENTRY ELEMENTS (KOHA)
Source of classification or shelving scheme Dewey Decimal Classification
Koha item type Libro
Classification part 194
Item part C68
Existencias
Withdrawn status Lost status Source of classification or shelving scheme Damaged status Not for loan Collection code Home library Current library Shelving location Date acquired Source of acquisition Total Checkouts Full call number Barcode Date last seen Price effective from Koha item type
    Dewey Decimal Classification     General Centro de Estudios en Ciencia y Religión Centro de Estudios en Ciencia y Religión Sala general 03/12/2013 Compra   194 C68 1974 47883 05/01/2026 03/12/2013 Libro